000 002810000a22000970004500
100 1 _aLandrey, Pablo
245 1 0 _aCelebrating the past, trusting God for the future
300 _aVol. 74, Num.4 (Octubre-Diciembre, 1994), Página 4
773 0 _tLatin America Evangelist
942 _cANA
999 _c54868
_d54868